<?xml version="1.0" encoding="UTF-8"?>
<record
    xmlns:xsi="http://www.w3.org/2001/XMLSchema-instance"
    xsi:schemaLocation="http://www.loc.gov/MARC21/slim http://www.loc.gov/standards/marcxml/schema/MARC21slim.xsd"
    xmlns="http://www.loc.gov/MARC21/slim">

  <leader>00788nam a22001937a 4500</leader>
  <datafield tag="999" ind1=" " ind2=" ">
    <subfield code="c">4531</subfield>
    <subfield code="d">4531</subfield>
  </datafield>
  <controlfield tag="001">9829</controlfield>
  <controlfield tag="003">BD-DhUAP</controlfield>
  <controlfield tag="005">20201112125145.0</controlfield>
  <controlfield tag="008">201112s2002    ii a|||| |||| 001 0 ben d</controlfield>
  <datafield tag="040" ind1=" " ind2=" ">
    <subfield code="a">BD-DhUAP</subfield>
    <subfield code="b">Ben</subfield>
    <subfield code="c">BD-DhUAP</subfield>
    <subfield code="d">BD-DhUAP</subfield>
  </datafield>
  <datafield tag="082" ind1=" " ind2=" ">
    <subfield code="2">23</subfield>
    <subfield code="a">793.310954 CHO</subfield>
  </datafield>
  <datafield tag="100" ind1=" " ind2=" ">
    <subfield code="a">&#x99A;&#x99F;&#x9CD;&#x99F;&#x9CB;&#x9AA;&#x9BE;&#x9A7;&#x9CD;&#x9AF;&#x9BE;&#x9AF;&#x9BC;, &#x997;&#x9BE;&#x9AF;&#x9BC;&#x9A4;&#x9CD;&#x9B0;&#x9C0;&#x964;</subfield>
  </datafield>
  <datafield tag="245" ind1=" " ind2=" ">
    <subfield code="a">&#x9AD;&#x9BE;&#x9B0;&#x9A4;&#x9C7;&#x9B0; &#x9A8;&#x9C3;&#x9A4;&#x9CD;&#x9AF;&#x995;&#x9B2;&#x9BE; /</subfield>
    <subfield code="c">&#x997;&#x9BE;&#x9AF;&#x9BC;&#x9A4;&#x9CD;&#x9B0;&#x9C0; &#x99A;&#x99F;&#x9CD;&#x99F;&#x9CB;&#x9AA;&#x9BE;&#x9A7;&#x9CD;&#x9AF;&#x9BE;&#x9AF;&#x9BC;&#x964;</subfield>
  </datafield>
  <datafield tag="260" ind1=" " ind2=" ">
    <subfield code="a">&#x995;&#x9B2;&#x995;&#x9BE;&#x9A4;&#x9BE; :</subfield>
    <subfield code="b">&#x995;&#x9B0;&#x9C1;&#x9A3;&#x9BE; &#x9AA;&#x9CD;&#x9B0;&#x995;&#x9BE;&#x9B6;&#x9A8;&#x9C0;,</subfield>
    <subfield code="c">c&#x9E8;&#x9E6;&#x9E6;&#x9E8;&#x964;</subfield>
  </datafield>
  <datafield tag="300" ind1=" " ind2=" ">
    <subfield code="a">[&#x9E7;&#x9EC;], &#x9EA;&#x9EE;&#x9E6; &#x9AA;&#x9C3;&#x9B7;&#x9CD;&#x9A0;&#x9BE; :</subfield>
    <subfield code="b">&#x99A;&#x9BF;&#x9A4;&#x9CD;&#x9B0; ;</subfield>
    <subfield code="c">&#x9E8;&#x9E7; &#x9B8;&#x9C7;&#x9AE;&#x9BF;.&#x964;</subfield>
  </datafield>
  <datafield tag="500" ind1=" " ind2=" ">
    <subfield code="a">&#x9A8;&#x9BF;&#x998;&#x9A8;&#x9CD;&#x99F; &#x9B8;&#x9AE;&#x9CD;&#x9AC;&#x9B2;&#x9BF;&#x9A4;&#x964;</subfield>
  </datafield>
  <datafield tag="650" ind1=" " ind2=" ">
    <subfield code="a">Dance </subfield>
    <subfield code="z">India.</subfield>
  </datafield>
  <datafield tag="942" ind1=" " ind2=" ">
    <subfield code="2">ddc</subfield>
    <subfield code="c">BK</subfield>
  </datafield>
  <datafield tag="952" ind1=" " ind2=" ">
    <subfield code="0">0</subfield>
    <subfield code="1">0</subfield>
    <subfield code="2">ddc</subfield>
    <subfield code="4">0</subfield>
    <subfield code="7">0</subfield>
    <subfield code="a">UAPCL</subfield>
    <subfield code="b">UAPCL</subfield>
    <subfield code="c">General Stacks</subfield>
    <subfield code="d">2020-11-12</subfield>
    <subfield code="o">793.310954 CHO</subfield>
    <subfield code="p">3010009829</subfield>
    <subfield code="r">2020-11-12</subfield>
    <subfield code="t">1</subfield>
    <subfield code="w">2020-11-12</subfield>
    <subfield code="y">BK</subfield>
  </datafield>
</record>
